[Event "Schwarzach op-B"]
[Site "Schwarzach"]
[Date "2009.08.21"]
[Round "7"]
[White "Peinhopf, Max"]
[Black "Heil, Walter"]
[Result "1/2-1/2"]
[WhiteElo "2020"]
[BlackElo "2002"]
[PlyCount "20"]
[EventDate "2009.08.15"]
[EventType "swiss"]
[EventRounds "9"]
[EventCountry "AUT"]
[SourceTitle "CBM 132 Extra"]
[Source "ChessBase"]
[SourceDate "2009.11.03"]
[SourceVersion "1"]
[SourceVersionDate "2009.11.03"]
[SourceQuality "1"]

1. c4 f5 2. Nf3 g6 3. d4 Nh6 4. Nc3 Bg7 5. g3 d6 6. Bg2 Nf7 7. 0-0 0-0 8. d5 e5 9. b3 e4 10. Nd4 Qf6 1/2-1/2

[Event "Hessenliga 0607"]
[Site "Germany"]
[Date "2006.12.03"]
[Round "5.8"]
[White "Heil, Walter"]
[Black "Escher, Helmut"]
[Result "1/2-1/2"]
[WhiteElo "1998"]
[BlackElo "2068"]
[PlyCount "69"]
[EventDate "2006.09.17"]
[EventType "team"]
[EventRounds "9"]
[EventCountry "GER"]
[SourceTitle "EXT 2008"]
[Source "ChessBase"]
[SourceDate "2007.11.25"]
[SourceVersion "1"]
[SourceVersionDate "2007.11.25"]
[SourceQuality "1"]
[WhiteTeam "Giessen II"]
[BlackTeam "Oberursel II"]
[WhiteTeamCountry "GER"]
[BlackTeamCountry "GER"]

1. e4 d5 2. exd5 Qxd5 3. Nc3 Qa5 4. Bc4 Nf6 5. d3 c6 6. Bd2 Qc7 7. Nge2 Bf5 8. Ng3 Bg6 9. 0-0 e6 10. f4 Nbd7 11. Qe2 0-0-0 12. Be3 Nb6 13. Bb3 Nfd5 14. Bd2 Bd6 15. Qf3 f5 16. Nce2 Rhe8 17. d4 c5 18. c3 Kb8 19. a4 c4 20. Bc2 a5 21. Rfb1 Re7 22. b4 cxb3 23. Bxb3 Nc4 24. Bc1 Be8 25. Nf1 Rc8 26. Nd2 Ndb6 27. Qd3 Nxd2 28. Bxd2 Bc6 29. Rb2 Bd5 30. Rab1 Be4 31. Qb5 Nc4 32. Qxc4 Qxc4 33. Bxc4 Rxc4 34. Ra1 Bc6 35. Rba2 1/2-1/2

[Event "Hessenliga 0607"]
[Site "Germany"]
[Date "2006.10.29"]
[Round "3.7"]
[White "Hempel, Manfred"]
[Black "Heil, Walter"]
[Result "1-0"]
[WhiteElo "2095"]
[BlackElo "1998"]
[PlyCount "65"]
[EventDate "2006.09.17"]
[EventType "team"]
[EventRounds "9"]
[EventCountry "GER"]
[SourceTitle "EXT 2008"]
[Source "ChessBase"]
[SourceDate "2007.11.25"]
[SourceVersion "1"]
[SourceVersionDate "2007.11.25"]
[SourceQuality "1"]
[WhiteTeam "Bensheim"]
[BlackTeam "Giessen II"]
[WhiteTeamCountry "GER"]
[BlackTeamCountry "GER"]

1. e4 d5 2. exd5 Qxd5 3. Nc3 Qa5 4. d4 c6 5. Nf3 Bf5 6. Ne5 e6 7. Bd2 f6 8. Nc4 Qc7 9. Qf3 Qd7 10. 0-0-0 Na6 11. Ne3 Ne7 12. Bxa6 bxa6 13. Nxf5 Nxf5 14. Be3 0-0-0 15. Qe2 Kb7 16. Qc4 Nd6 17. Qe2 Nb5 18. Na4 Ka8 19. c4 Nc7 20. Rhe1 Bd6 21. Qf3 Rc8 22. Kb1 Rhd8 23. Bf4 Bxf4 24. Qxf4 Qd6 25. Qe4 g6 26. f4 Rb8 27. Nc5 Re8 28. Nb3 Rec8 29. Re2 f5 30. Qf3 Rb4 31. Rc2 Ra4 32. g3 Kb8 33. Nc5 1-0

[Event "Passau op 8th"]
[Site "Passau"]
[Date "2000.04.24"]
[Round "7"]
[White "Deglmann, Ludwig"]
[Black "Heil, Walter"]
[Result "1-0"]
[WhiteElo "2332"]
[BlackElo "2080"]
[PlyCount "51"]
[EventDate "2000.04.21"]
[EventType "swiss"]
[EventRounds "7"]
[EventCountry "GER"]
[SourceTitle "CBM 076 Extra"]
[Source "ChessBase"]
[SourceDate "2000.07.11"]
[SourceVersion "1"]
[SourceVersionDate "2000.07.11"]
[SourceQuality "1"]

1. d4 f5 2. c4 Nf6 3. Nc3 g6 4. h4 d6 5. h5 Nxh5 6. Rxh5 gxh5 7. e4 Bg7 8. Qxh5+ Kf8 9. Be3 Nc6 10. 0-0-0 Bd7 11. exf5 Qe8 12. Qh4 Qf7 13. Nf3 Qxf5 14. Bd3 Qg4 15. Qh2 Nb4 16. Be2 Qf5 17. Rd2 a5 18. a3 Nc6 19. Bd3 Qg4 20. Ng5 Be8 21. f3 Qh5 22. Qf4+ Bf6 23. Nce4 h6 24. Nxf6 hxg5 25. Nh7+ Kg8 26. Qf8# 1-0

[Event "Passau op 8th"]
[Site "Passau"]
[Date "2000.04.21"]
[Round "2"]
[White "Heil, Walter"]
[Black "Klamp, Christoph"]
[Result "1-0"]
[WhiteElo "2080"]
[BlackElo "2275"]
[PlyCount "56"]
[EventDate "2000.04.21"]
[EventType "swiss"]
[EventRounds "7"]
[EventCountry "GER"]
[SourceTitle "CBM 076 Extra"]
[Source "ChessBase"]
[SourceDate "2000.07.11"]
[SourceVersion "1"]
[SourceVersionDate "2000.07.11"]
[SourceQuality "1"]

1. e4 d6 2. d4 e5 3. Nf3 Bg4 4. dxe5 Nc6 5. Bb5 dxe5 6. Bxc6+ bxc6 7. Nbd2 Bd6 8. 0-0 f6 9. Qe2 Ne7 10. Rd1 g5 11. c4 Qc8 12. Qe3 Ng6 13. Rf1 h5 14. Ne1 Nf4 15. f3 Be6 16. Kh1 g4 17. g3 h4 18. gxf4 exf4 19. Qe2 g3 20. e5 Bxe5 21. Ne4 h3 22. Bxf4 g2+ 23. Nxg2 hxg2+ 24. Qxg2 Bxf4 25. Qg7 Rxh2+ 26. Kg1 Be5 27. f4 Re2 28. fxe5 Rxe4 1-0

[Event "Bad Woerishofen op 16th"]
[Site "Bad Woerishofen"]
[Date "2000.03.17"]
[Round "1"]
[White "Heil, Walter"]
[Black "Kalinitschew, Sergey"]
[Result "0-1"]
[WhiteElo "2080"]
[BlackElo "2504"]
[PlyCount "66"]
[EventDate "2000.03.??"]
[EventType "swiss"]
[EventRounds "9"]
[EventCountry "GER"]
[SourceTitle "CBM 075 Extra"]
[Source "ChessBase"]
[SourceDate "2000.05.11"]
[SourceVersion "2"]
[SourceVersionDate "2000.05.11"]
[SourceQuality "1"]

1. e4 c5 2. Nf3 Nc6 3. d4 cxd4 4. Nxd4 e5 5. Nb5 d6 6. N1c3 a6 7. Na3 b5 8. Nd5 Nf6 9. Bg5 Be7 10. Bxf6 Bxf6 11. c3 Bg5 12. Be2 0-0 13. 0-0 Be6 14. Nc2 Ne7 15. Nce3 Bxe3 16. Nxe3 Qb6 17. Qd2 Rad8 18. Nd5 Bxd5 19. exd5 f5 20. a4 e4 21. axb5 axb5 22. g3 Rc8 23. b4 Ra8 24. Rfd1 Ng6 25. Qg5 Rxa1 26. Rxa1 f4 27. g4 Qc7 28. Ra3 Ne5 29. h3 h6 30. Qh5 f3 31. Bf1 e3 32. fxe3 f2+ 33. Kg2 Nc4 0-1

[Event "Passau op 7th"]
[Site "Passau"]
[Date "1999.04.05"]
[Round "7"]
[White "Borries, Barbara"]
[Black "Heil, Walter"]
[Result "0-1"]
[WhiteElo "1780"]
[BlackElo "2080"]
[PlyCount "39"]
[EventDate "1999.04.02"]
[EventType "swiss"]
[EventRounds "7"]
[EventCountry "GER"]
[SourceTitle "EXT 2000"]
[Source "ChessBase"]
[SourceDate "1999.11.16"]
[SourceVersion "1"]
[SourceVersionDate "1999.11.16"]
[SourceQuality "1"]

1. e4 d5 2. exd5 Qxd5 3. d4 Nc6 4. Nf3 Bg4 5. Be2 0-0-0 6. c4 Qh5 7. d5 e6 8. Nc3 Nf6 9. Ng5 exd5 10. Bxg4+ Nxg4 11. cxd5 Bc5 12. Nge4 Rhe8 13. Be3 Bxe3 14. fxe3 f5 15. h3 Qh6 16. Qf3 Nxe3 17. dxc6 fxe4 18. cxb7+ Kb8 19. Qe2 Qh4+ 20. Qf2 0-1

[Event "Passau op 7th"]
[Site "Passau"]
[Date "1999.04.02"]
[Round "2"]
[White "Heil, Walter"]
[Black "Bade, Joern"]
[Result "1/2-1/2"]
[WhiteElo "2080"]
[BlackElo "2300"]
[PlyCount "100"]
[EventDate "1999.04.02"]
[EventType "swiss"]
[EventRounds "7"]
[EventCountry "GER"]
[SourceTitle "EXT 2000"]
[Source "ChessBase"]
[SourceDate "1999.11.16"]
[SourceVersion "1"]
[SourceVersionDate "1999.11.16"]
[SourceQuality "1"]

1. e4 c5 2. f4 d5 3. Nc3 d4 4. Nce2 Nc6 5. Ng3 e5 6. f5 a6 7. a4 Bd7 8. Nf3 Bd6 9. Bc4 Na5 10. Be2 b5 11. axb5 axb5 12. d3 b4 13. b3 Nc6 14. Rxa8 Qxa8 15. 0-0 Nf6 16. h3 h6 17. Bd2 Ke7 18. Qe1 Na7 19. Bd1 Nb5 20. Qe2 Kd8 21. Ne1 Kc7 22. Nh5 Nxh5 23. Qxh5 f6 24. Qf7 Bf8 25. Nf3 Nd6 26. Qh5 Be7 27. Nh4 Rb8 28. Qg4 g5 29. Ng6 Bf8 30. Qh5 Bg7 31. h4 Ne8 32. Ne7 Kb6 33. Nd5+ Kb5 34. hxg5 hxg5 35. Qf7 Bc6 36. Ne7 Rb7 37. Qc4+ Kb6 38. Nxc6 Kxc6 39. Qd5+ Kb6 40. Bh5 Rb8 41. Qg8 Qb7 42. Bxe8 Qe7 43. Ra1 Rxe8 44. Qc4 Qb7 45. Bxb4 cxb4 46. Qxb4+ Kc7 47. Qc5+ Kb8 48. Qd6+ Kc8 49. Qc5+ Kb8 50. Qd6+ Kc8 1/2-1/2

[Event "Passau op 7th"]
[Site "Passau"]
[Date "1999.04.02"]
[Round "1"]
[White "Rottner, Wolfgang"]
[Black "Heil, Walter"]
[Result "0-1"]
[WhiteElo "1596"]
[BlackElo "2080"]
[PlyCount "100"]
[EventDate "1999.04.02"]
[EventType "swiss"]
[EventRounds "7"]
[EventCountry "GER"]
[SourceTitle "EXT 2000"]
[Source "ChessBase"]
[SourceDate "1999.11.16"]
[SourceVersion "1"]
[SourceVersionDate "1999.11.16"]
[SourceQuality "1"]

1. e4 d5 2. exd5 Qxd5 3. Nc3 Qa5 4. d4 c6 5. Nf3 Nf6 6. Bd3 Bg4 7. 0-0 e6 8. Bd2 Qc7 9. h3 Bh5 10. Ne4 Nbd7 11. c3 Nxe4 12. Bxe4 Nf6 13. Bc2 Be7 14. Re1 0-0-0 15. Qe2 h6 16. Bd1 g5 17. Qe5 Qb6 18. b4 Nd7 19. Qa5 Qxa5 20. bxa5 Bg6 21. Be2 Bf6 22. a6 b6 23. a4 Kc7 24. Ra2 Rhe8 25. Bc4 Bf5 26. Ne5 Nxe5 27. dxe5 Be7 28. Re3 Bc5 29. Rf3 Rd7 30. Be3 Bxe3 31. Rxe3 Rd1+ 32. Kh2 Red8 33. Be2 R1d2 34. Rxd2 Rxd2 35. Kg3 Bg6 36. h4 gxh4+ 37. Kxh4 Ra2 38. Kg3 Rxa4 39. f4 b5 40. Kg4 Kb6 41. Bd3 Rxa6 42. Bxg6 fxg6 43. Rd3 c5 44. Rh3 b4 45. cxb4 cxb4 46. Rxh6 Kc5 47. Kg5 b3 48. Rh1 b2 49. Rb1 Rb6 50. Kxg6 a5 0-1

[Event "Passau op 6th"]
[Site "Passau"]
[Date "1998.04.12"]
[Round "5"]
[White "Gottschling, Stefan"]
[Black "Heil, Walter"]
[Result "1-0"]
[WhiteElo "2260"]
[BlackElo "2055"]
[PlyCount "121"]
[EventDate "1998.04.10"]
[EventType "swiss"]
[EventRounds "7"]
[EventCountry "GER"]
[SourceTitle "EXT 1999"]
[Source "ChessBase"]
[SourceDate "1998.11.16"]
[SourceVersion "1"]
[SourceVersionDate "1998.11.16"]
[SourceQuality "1"]

1. e4 e5 2. Nf3 Nc6 3. Bb5 Bb4 4. 0-0 Nge7 5. d4 exd4 6. Nxd4 0-0 7. c4 Ng6 8. a3 Bc5 9. Nf5 a6 10. Ba4 d6 11. b4 Ba7 12. Bxc6 bxc6 13. Bb2 f6 14. Nd2 Be6 15. Qc2 c5 16. bxc5 Bxc5 17. Nb3 Ba7 18. Nfd4 Bd7 19. c5 Kh8 20. c6 Bc8 21. Rfd1 Ne5 22. Rac1 Qe8 23. Kh1 Qh5 24. f3 g5 25. g4 Qf7 26. Kg2 h5 27. h3 Rb8 28. Nd2 Ng6 29. Ne2 Nh4+ 30. Kg3 Ng6 31. Rb1 Be6 32. Bc3 Be3 33. Rxb8 Rxb8 34. Rb1 Rxb1 35. Qxb1 Bb6 36. Qb2 Ne5 37. Bd4 Bxd4 38. Nxd4 hxg4 39. Qb8+ Kg7 40. Nxe6+ Qxe6 41. Qxc7+ Nf7 42. hxg4 Qe5+ 43. Kf2 Qh2+ 44. Ke1 Qg1+ 45. Ke2 Qh2+ 46. Kd3 Kg6 47. Qc8 Ne5+ 48. Kc3 Qe2 49. Qg8+ Kh6 50. Qd5 Qe3+ 51. Kc2 Qxa3 52. c7 Qa4+ 53. Kc3 Qa1+ 54. Kb4 Qc1 55. Nc4 Qe1+ 56. Ka4 Qa1+ 57. Kb3 Nxc4 58. Qxc4 Qb1+ 59. Ka4 Qa1+ 60. Kb4 Qb2+ 61. Ka5 1-0

[Event "Passau op 6th"]
[Site "Passau"]
[Date "1998.04.12"]
[Round "6"]
[White "Heil, Walter"]
[Black "Holzapfel, Georg"]
[Result "1-0"]
[WhiteElo "2055"]
[BlackElo "1850"]
[PlyCount "95"]
[EventDate "1998.04.10"]
[EventType "swiss"]
[EventRounds "7"]
[EventCountry "GER"]
[SourceTitle "EXT 1999"]
[Source "ChessBase"]
[SourceDate "1998.11.16"]
[SourceVersion "1"]
[SourceVersionDate "1998.11.16"]
[SourceQuality "1"]

1. e4 e6 2. d3 d5 3. Nd2 c5 4. g3 Nc6 5. Bg2 b6 6. Ngf3 Bb7 7. 0-0 Bd6 8. Re1 Nge7 9. h4 0-0 10. e5 Bc7 11. c3 d4 12. Nf1 Nf5 13. c4 Rc8 14. N1h2 a6 15. Ng4 b5 16. b3 Ba5 17. Re2 Rc7 18. h5 h6 19. Bf4 Re7 20. Nd2 f6 21. exf6 gxf6 22. Nxh6+ Nxh6 23. Bxh6 Rff7 24. Ne4 Ne5 25. Rc2 f5 26. Bf4 fxe4 27. Bxe5 exd3 28. Qxd3 Rf5 29. f4 Bxg2 30. Rxg2 bxc4 31. bxc4 Bc7 32. g4 Rff7 33. Qg6+ Kf8 34. Bf6 Bxf4 35. Rf1 e5 36. g5 Qd7 37. Bxe7+ Kxe7 38. Rxf4 exf4 39. Qe4+ Kf8 40. g6 f3 41. Rg4 f2+ 42. Kf1 Re7 43. Qf4+ Kg8 44. h6 Qe6 45. h7+ Kg7 46. h8Q+ Kxh8 47. Qf8+ Qg8 48. Rh4+ 1-0

[Event "Passau op 6th"]
[Site "Passau"]
[Date "1998.04.11"]
[Round "4"]
[White "Heil, Walter"]
[Black "Jauernig, Udo"]
[Result "1/2-1/2"]
[WhiteElo "2055"]
[BlackElo "2245"]
[PlyCount "51"]
[EventDate "1998.04.10"]
[EventType "swiss"]
[EventRounds "7"]
[EventCountry "GER"]
[SourceTitle "EXT 1999"]
[Source "ChessBase"]
[SourceDate "1998.11.16"]
[SourceVersion "1"]
[SourceVersionDate "1998.11.16"]
[SourceQuality "1"]

1. e4 c5 2. Nf3 e6 3. d3 Nc6 4. g3 d5 5. Nbd2 Nf6 6. Bg2 Be7 7. 0-0 0-0 8. e5 Nd7 9. Re1 b5 10. Nf1 a5 11. h4 b4 12. Bf4 Ba6 13. N1h2 a4 14. Ng5 Qe8 15. Qh5 Bxg5 16. Qxg5 Kh8 17. Nf3 b3 18. axb3 axb3 19. c4 Nb4 20. Red1 Bb7 21. Rxa8 Qxa8 22. Qh5 Qe8 23. Ng5 h6 24. Nh3 f5 25. Qe2 Bc6 26. h5 1/2-1/2

[Event "Passau op 6th"]
[Site "Passau"]
[Date "1998.04.10"]
[Round "1"]
[White "Keim, Philipp"]
[Black "Heil, Walter"]
[Result "1-0"]
[WhiteElo "1618"]
[BlackElo "2055"]
[PlyCount "55"]
[EventDate "1998.04.10"]
[EventType "swiss"]
[EventRounds "7"]
[EventCountry "GER"]
[SourceTitle "EXT 1999"]
[Source "ChessBase"]
[SourceDate "1998.11.16"]
[SourceVersion "1"]
[SourceVersionDate "1998.11.16"]
[SourceQuality "1"]

1. e4 d5 2. exd5 Qxd5 3. Nc3 Qa5 4. d4 c6 5. h3 Bf5 6. Bd2 Qc7 7. Nf3 Nf6 8. Be3 e6 9. Bd3 Bg6 10. 0-0 Nbd7 11. Re1 0-0-0 12. Bf1 Bh5 13. Be2 Bd6 14. Qb1 h6 15. b4 g5 16. b5 c5 17. b6 Qxb6 18. Qxb6 axb6 19. Nb5 Bb8 20. Nd2 Bxe2 21. Rxe2 Nd5 22. Nc4 N7f6 23. Rd2 Ne4 24. dxc5 Nxd2 25. Bxd2 bxc5 26. Bc3 f6 27. Bxf6 Nxf6 28. Nb6# 1-0

[Event "Schwarzach op-A"]
[Site "Schwarzach"]
[Date "1997.08.23"]
[Round "1.9"]
[White "Heil, Walter"]
[Black "Hecht, Hans Joachim"]
[Result "0-1"]
[WhiteElo "2060"]
[BlackElo "2405"]
[PlyCount "74"]
[EventDate "1997.08.23"]
[EventType "swiss"]
[EventRounds "9"]
[EventCountry "AUT"]
[SourceTitle "EXT 1999"]
[Source "ChessBase"]
[SourceDate "1998.11.16"]
[SourceVersion "1"]
[SourceVersionDate "1998.11.16"]
[SourceQuality "1"]

1. e4 e6 2. d3 d5 3. Nd2 Nf6 4. g3 Nc6 5. Bg2 dxe4 6. dxe4 e5 7. Ngf3 Bc5 8. 0-0 0-0 9. h3 Re8 10. Qe2 a5 11. Rd1 Qe7 12. Nf1 Be6 13. Bg5 h6 14. Bxf6 Qxf6 15. c3 Rad8 16. b3 Qe7 17. Ne3 Bxe3 18. Qxe3 Qa3 19. Qe2 a4 20. bxa4 Qxa4 21. Rdb1 b6 22. Bf1 Rd6 23. Qe3 Bc4 24. Nd2 Bxf1 25. Rxf1 Red8 26. Nb3 Rd3 27. Qe1 Qc4 28. Rc1 Na7 29. Rc2 Nb5 30. Nd2 Qc5 31. Nb3 Qc4 32. Nd2 Qe6 33. Kh2 Rxc3 34. Qc1 Qc6 35. Rxc3 Qxc3 36. Qxc3 Nxc3 37. Nc4 f6 0-1

[Event "Passau op 5th"]
[Site "Passau"]
[Date "1997.??.??"]
[Round "1"]
[White "Heil, Walter"]
[Black "Dahmen, Juergen"]
[Result "1-0"]
[WhiteElo "1935"]
[BlackElo "1610"]
[PlyCount "71"]
[EventDate "1997.05.??"]
[EventType "swiss"]
[EventRounds "7"]
[EventCountry "GER"]
[SourceTitle "EXT 2001"]
[Source "ChessBase"]
[SourceDate "2000.11.22"]
[SourceVersion "1"]
[SourceVersionDate "2000.11.22"]
[SourceQuality "1"]

1. e4 c5 2. f4 d5 3. exd5 Nf6 4. c4 e6 5. dxe6 Bxe6 6. Nf3 Bd6 7. d3 0-0 8. Be2 Qc7 9. g3 Bh3 10. Ng5 Bg2 11. Rg1 Bc6 12. Nc3 h6 13. Nge4 Nxe4 14. dxe4 Re8 15. Qc2 Qd7 16. Be3 Qh3 17. 0-0-0 Bf8 18. Bf3 Nd7 19. Qe2 Qe6 20. Bg4 Qe7 21. e5 Nb6 22. Nd5 Nxd5 23. cxd5 Bd7 24. Bf3 Qd8 25. Kb1 Bf5+ 26. Ka1 Qb6 27. g4 Bd7 28. g5 Bf5 29. gxh6 Qxh6 30. Rg5 Bd7 31. Rdg1 Qb6 32. Be4 f5 33. Bxf5 Bxf5 34. Rxf5 Re7 35. d6 Rd7 36. Qc4+ 1-0

[Event "Werfen op-A"]
[Site "Werfen"]
[Date "1996.??.??"]
[Round "1"]
[White "Klovans, Janis"]
[Black "Heil, Walter"]
[Result "1-0"]
[WhiteElo "2530"]
[BlackElo "2065"]
[PlyCount "31"]
[EventDate "1996.08.??"]
[EventType "swiss"]
[EventRounds "9"]
[EventCountry "AUT"]
[SourceTitle "EXT 2000"]
[Source "ChessBase"]
[SourceDate "1999.11.16"]
[SourceVersion "1"]
[SourceVersionDate "1999.11.16"]
[SourceQuality "1"]

1. e4 c5 2. Nf3 Nc6 3. d4 cxd4 4. Nxd4 Nf6 5. Nc3 d6 6. Bg5 Bd7 7. Nb3 a6 8. Qd2 h6 9. Bxf6 gxf6 10. 0-0-0 h5 11. Kb1 b5 12. f4 b4 13. Nd5 a5 14. Bb5 e6 15. Rhe1 exd5 16. Bxc6 1-0

[Event "Werfen op-A"]
[Site "Werfen"]
[Date "1996.??.??"]
[Round "3"]
[White "Kock, Hans Uwe"]
[Black "Heil, Walter"]
[Result "1-0"]
[WhiteElo "2235"]
[BlackElo "2065"]
[PlyCount "113"]
[EventDate "1996.08.??"]
[EventType "swiss"]
[EventRounds "9"]
[EventCountry "AUT"]
[SourceTitle "EXT 2000"]
[Source "ChessBase"]
[SourceDate "1999.11.16"]
[SourceVersion "1"]
[SourceVersionDate "1999.11.16"]
[SourceQuality "1"]

1. d4 f5 2. g3 g6 3. Bg2 Bg7 4. Nh3 Nf6 5. 0-0 d6 6. c4 c6 7. Nc3 0-0 8. Qc2 e5 9. e3 Nh5 10. d5 c5 11. f3 a6 12. Bd2 Bd7 13. a4 b6 14. Nf2 a5 15. Nb5 Bc8 16. e4 f4 17. g4 Nf6 18. h3 Ne8 19. Nd3 Na6 20. Be1 Bf6 21. Kf2 Nac7 22. Ke2 Nxb5 23. cxb5 Ra7 24. Rh1 Bh4 25. Qd2 c4 26. Nc1 Bxe1 27. Qxe1 Qc7 28. Qf2 c3 29. b3 Nf6 30. Kd3 Bb7 31. Kc2 Bxd5 32. g5 Nxe4 33. fxe4 f3 34. exd5 fxg2 35. Qxg2 Qc5 36. Nd3 Qd4 37. Rae1 Raf7 38. Re2 Rf3 39. Rd1 Qh4 40. Qg4 Qxh3 41. Qxh3 Rxh3 42. Rde1 Rhf3 43. Re3 R3f5 44. Rg1 Rf3 45. Rxf3 Rxf3 46. Rg4 Kg7 47. Kxc3 h5 48. gxh6+ Kxh6 49. Kd2 Kh5 50. Rc4 g5 51. Ke2 Rh3 52. b4 axb4 53. Rxb4 Rh2+ 54. Nf2 g4 55. Rxg4 Rxf2+ 56. Kxf2 Kxg4 57. a5 1-0

[Event "Travemuende op"]
[Site "Travemuende"]
[Date "1995.??.??"]
[Round "5"]
[White "Heil, Walter"]
[Black "Coenen, Norbert"]
[Result "1/2-1/2"]
[WhiteElo "2085"]
[BlackElo "2335"]
[PlyCount "89"]
[EventDate "1995.??.??"]
[EventType "swiss"]
[EventRounds "7"]
[EventCountry "GER"]
[SourceTitle "EXT 1998"]
[Source "ChessBase"]
[SourceDate "1997.11.17"]
[SourceVersion "1"]
[SourceVersionDate "1997.11.17"]
[SourceQuality "1"]

1. e4 c5 2. f4 Nc6 3. Nf3 g6 4. Bb5 Bg7 5. 0-0 Qb6 6. a4 e6 7. e5 a6 8. Bc4 Nh6 9. Nc3 d6 10. exd6 Nf5 11. Ne4 Na5 12. Be2 Nxd6 13. Nc3 0-0 14. Kh1 Nc6 15. Qe1 Nb4 16. Bd1 Qc7 17. a5 Nc6 18. d3 Nxa5 19. Ne4 b6 20. Qh4 f6 21. Nf2 Nf5 22. Qh3 e5 23. g4 Nd4 24. Nxd4 cxd4 25. f5 Bb7+ 26. Kg1 Nc6 27. Bd2 a5 28. Ne4 Ne7 29. Qh4 gxf5 30. gxf5 Kh8 31. Rf3 Ng8 32. Rh3 h6 33. Qg4 Rf7 34. Rg3 Ne7 35. Qh5 Ng8 36. Kf2 Bf8 37. Be2 Bxe4 38. dxe4 Rg7 39. Rag1 Rxg3 40. Rxg3 Ra7 41. Bd3 Qf7 42. Qe2 Re7 43. b3 Qe8 44. Bc4 Rg7 45. Rh3 1/2-1/2

[Event "Werfen op-A"]
[Site "Werfen"]
[Date "1995.??.??"]
[Round "3"]
[White "Jovanovic, Sascha"]
[Black "Heil, Walter"]
[Result "1-0"]
[WhiteElo "2320"]
[BlackElo "2085"]
[PlyCount "81"]
[EventDate "1995.09.??"]
[EventType "swiss"]
[EventRounds "9"]
[EventCountry "AUT"]
[SourceTitle "EXT 1997"]
[Source "ChessBase"]
[SourceDate "1996.11.15"]
[SourceVersion "1"]
[SourceVersionDate "1996.11.15"]
[SourceQuality "1"]

1. e4 c5 2. Nf3 Nc6 3. d4 cxd4 4. Nxd4 Qb6 5. Nb3 Nf6 6. Nc3 e6 7. Be3 Qc7 8. a3 a6 9. f4 d6 10. Bd3 Be7 11. Qf3 b6 12. 0-0 Bb7 13. Rae1 h5 14. h3 h4 15. Qf2 Nd7 16. Rc1 0-0-0 17. Qe2 Ncb8 18. a4 Nc5 19. Nd4 Nc6 20. Nxc6 Qxc6 21. b4 Nd7 22. Qd2 Bf6 23. Ne2 Kb8 24. c4 Qc7 25. Rb1 Ka8 26. Nc1 d5 27. cxd5 exd5 28. Qe2 dxe4 29. Bxa6 Rc8 30. Nb3 Qc2 31. Bxb7+ Kxb7 32. Qg4 Qd3 33. Rfe1 Rhd8 34. a5 Rc3 35. Rbd1 Rxb3 36. Rxd3 exd3 37. Qf3+ Kb8 38. a6 Kc7 39. Qb7+ Kd6 40. Bxb6 d2 41. Bc7# 1-0